Дослідження державної політики: цикли та підсистема політики (Запис № 321763)

МАРК-запис
000 -Лідер
fixed length control field 00888nam a22002777a 4500
001 - Контрольний номер
control field 35401
003 - Ідентифікатор контрольного номера
control field UA-OsUOA
005 - Дата та час останнього входження (трансакції)
control field 20210324121102.0
007 - Фіксоване поле фізичного опису
fixed length control field ta
008 - Елементи даних фіксованої довжини – загальна інформація
fixed length control field 20051125b un ||||| |||| 00| 0 ukr d
020 ## - Міжнародний стандартний книжковий номер (ISBN)
Міжнародний стандартний книжковий номер (ISBN) (НП) 966-663-112-1
040 ## - Джерело каталогізації
Агенція оригінальної каталогізації UA-OsUOA
Мова каталогізації ukr
Агенція, яка здійснювала перезапис UA-OsUOA
Агенція, яка здійснювала модифікацію UA-OsUOA
041 ## - Код мови
Код мови тексту/ звукової доріжки чи окремого заголовка (П) ukr
080 ## - Індекс Універсальної десяткової класифікації
Індекс Універсальної десяткової класифікації (УДК) (НП) 323
090 ## - Локальний шифр розміщення
Класифікаційний індекс УДК 323
Авторський знак (НП) Г57
100 ## - Основне введення – ім’я особи
Ім’я особи (НП) Говлет М.
245 ## - Відомості про назву
Назва (НП) Дослідження державної політики: цикли та підсистема політики
Дані про відповідальність (НП) Говлет М., Рамеш М.
260 ## - Публікація, розповсюдження і т.п. (Вихідні дані)
Місце публікації, розповсюдження і т.п. (П) Львів
Ім’я/ наймення видавництва, розповсюджувача і т.п. (П) Кальварія
Дата публікації, розповсюдження і т.п. (П) 2004
300 ## - Фізичний опис
Обсяг 264 с.
650 #7 - Додаткове предметне введення – тематичний термін
Тематичний термін чи географічна назва, як елемент введення (НП) 32 Політика
Джерело заголовка чи терміна UDC
700 ## - Додаткове введення – ім'я особи
Ім’я особи (НП) Рамеш М.
856 40 - Електронне місцезнаходження та доступ
Уніфікований ідентифікатор ресурсу (П) https://issuu.com/irf_ua/docs/govlet_studying_public_policy-2004
942 ## - Додаткові елементи входу (Коха)
Тип елемента Koha Книги
Source of classification or shelving scheme Universal Decimal Classification
955 ## - Код типу видання за змістом
Код типу видання за змістом (НП) Навчальні видання
Фонди
Стан вилучень Стан втрат Джерело класифікації або схеми стелажів Стан уражень Не для кредиту Постійне місце розташування Поточне розміщення Дата придбання Джерело придбання Вартість, звичайна ціна покупки Інвентарний номер Усього замовленно Повний номер виклику Штрих-код Дата останнього перегляду Ціна ефективна від Тип елемента Koha
    Universal Decimal Classification     ЧЗ - Читальна зала ЧЗ - Читальна зала 25/11/2005 137/2005 33.00 88921   323 Г57 88921 07/02/2022 25/11/2005 Книги
    Universal Decimal Classification     ЧЗ - Читальна зала ЧЗ - Читальна зала 25/11/2005 137/2005 33.00 88922   323 Г57 88922 07/02/2022 25/11/2005 Книги
    Universal Decimal Classification     ЧЗ - Читальна зала ЧЗ - Читальна зала 11/07/2007 130/2007 25.05 105700   323(477) Г57 105700 07/02/2022 11/07/2007 Книги
    Universal Decimal Classification     ЧЗ - Читальна зала ЧЗ - Читальна зала 11/07/2007 130/2007 25.05 105701   323(477) Г57 105701 07/02/2022 11/07/2007 Книги
    Universal Decimal Classification     ЧЗ - Читальна зала ЧЗ - Читальна зала 11/07/2007 130/2007 25.05 105702   323(477) Г57 105702 07/02/2022 11/07/2007 Книги